Introduction to the theory of computation E-Book (Record no. 213188)

000 -LEADER
fixed length control field 00972 a2200241 4500
003 - CONTROL NUMBER IDENTIFIER
control field Nust
005 - DATE AND TIME OF LATEST TRANSACTION
control field 20170207165829.0
010 ## - LIBRARY OF CONGRESS CONTROL NUMBER
LC control number 2006271030
020 ## - INTERNATIONAL STANDARD BOOK NUMBER
International Standard Book Number 0534950973
040 ## - CATALOGING SOURCE
Transcribing agency Nust
082 00 - DEWEY DECIMAL CLASSIFICATION NUMBER
Classification number 511.3
100 1# - MAIN ENTRY--PERSONAL NAME
Personal name Sipser, Michael.
245 10 - TITLE STATEMENT
Title Introduction to the theory of computation E-Book
Statement of responsibility, etc. Michael Sipser.
250 ## - EDITION STATEMENT
Edition statement 2nd ed.
260 ## - PUBLICATION, DISTRIBUTION, ETC.
Place of publication, distribution, etc. Boston :
Name of publisher, distributor, etc. Thomson Course Technology,
Date of publication, distribution, etc. c2006.
300 ## - PHYSICAL DESCRIPTION
Extent xix, 431 p. :
Other physical details ill. ;
Dimensions 25 cm.
505 ## - FORMATTED CONTENTS NOTE
Formatted contents note Pt. 1 Automata and Languages (Page-29), Pt. 2 Computability Theory (Page-123), Pt. 3 Complexity Theory (Page-223).
650 #0 - SUBJECT ADDED ENTRY--TOPICAL TERM
Topical term or geographic name entry element Computational complexity.
650 #0 - SUBJECT ADDED ENTRY--TOPICAL TERM
Topical term or geographic name entry element Machine theory.
856 42 - ELECTRONIC LOCATION AND ACCESS
Materials specified Contributor biographical information
Uniform Resource Identifier <a href="http://www.loc.gov/catdir/enhancements/fy1103/2006271030-b.html">http://www.loc.gov/catdir/enhancements/fy1103/2006271030-b.html</a>
856 42 - ELECTRONIC LOCATION AND ACCESS
Materials specified Publisher description
Uniform Resource Identifier <a href="http://www.loc.gov/catdir/enhancements/fy1103/2006271030-d.html">http://www.loc.gov/catdir/enhancements/fy1103/2006271030-d.html</a>
856 42 - ELECTRONIC LOCATION AND ACCESS
Materials specified Table of contents only
Uniform Resource Identifier <a href="http://www.loc.gov/catdir/enhancements/fy1103/2006271030-t.html">http://www.loc.gov/catdir/enhancements/fy1103/2006271030-t.html</a>
942 ## - ADDED ENTRY ELEMENTS (KOHA)
Source of classification or shelving scheme
Koha item type Book
Holdings
Withdrawn status Lost status Source of classification or shelving scheme Damaged status Not for loan Collection code Permanent Location Current Location Date acquired Total Checkouts Full call number Barcode Date last seen Price effective from Koha item type
            Military College of Signals (MCS) Military College of Signals (MCS) 12/12/2016   511.3 SIP MCSEB-3187 12/08/2016 12/12/2016 Book
© 2023 Central Library, National University of Sciences and Technology. All Rights Reserved.